000 00353nam a22001457a 4500
020 _a978-9385904486
041 _aENG
100 _aSaxena.B.S
245 _aFundamentals of Solid State Physics
250 _aThirty First Edition
260 _aMeerut
_bPragati Prakashsn
_c2019
650 _aPhysics
700 _aGupta.R.C,Mandal.J.N
856 _uPhysics
999 _c3199
_d3199